| 000 | 00642nam a22001935i 4500 | ||
|---|---|---|---|
| 001 | 162334 | ||
| 003 | ES-MaACL | ||
| 005 | 20250713091425.0 | ||
| 008 | 041110q1862 fr |||| | fre d | ||
| 100 | 1 |
_aPoe, Edgar Allan, _d1809-1849 _9188384 |
|
| 245 | 1 | 0 |
_aContes inédits d'Edgar Poe / _ctraduits de l'anglais par William L. Hughes. |
| 260 |
_aParis : _bJ. Hetzel, _c[ca. 1862] |
||
| 300 |
_aIII, 314 p. ; _c18 cm. |
||
| 490 | 1 | _aCollection Hetzel | |
| 700 | 1 |
_aHughes, William Little ( _d1822-1887) _9172310 |
|
| 830 | 1 |
_aCollection Hetzel _9188385 |
|
| 852 | 4 |
_aES-MaACL _jF-13303 _z- Enc. hol. |
|
| 999 |
_c162334 _d162334 |
||